Normal view MARC view

Entry Personal Name

Number of records used in: 2

001 - CONTROL NUMBER

  • control field: 61207

003 - CONTROL NUMBER IDENTIFIER

  • control field: dpl

005 - DATE AND TIME OF LATEST TRANSACTION

  • control field: 20240124101817.0

008 - FIXED-LENGTH DATA ELEMENTS

  • fixed length control field: 240124|| aca||aabn | a|a d

040 ## - CATALOGING SOURCE

  • Original cataloging agency: dpl
  • Transcribing agency: dpl

100 ## - HEADING--PERSONAL NAME

  • Personal name: वालिनैमिशराय, मोहनदास

670 ## - SOURCE DATA FOUND

  • Source citation: Work cat.: (dpl)200334: वालिनैमिशराय, मोहनदास , दलित महिलाओ के आन्दोलन का इतिहास /, 2023

© Delhi Public Library
Hit Counter
free hit counter